[Event "11th Asia-ch (women)"]
[Site "Beirut LIB"]
[Date "2004.12.09"]
[Round "7.1"]
[White "Meenakshi, Subbaraman"]
[Black "Wang Yu"]
[Result "1/2-1/2"]
[WhiteElo "2307"]
[BlackElo "2392"]
[EventDate "2004.12.03"]
[PlyCount "44"]

1.d4 d5 2.c4 c6 3.cxd5 cxd5 4.Nf3 Nf6 5.Nc3 Nc6 6.Bf4 a6 7.e3 Bg4 8.Qb3 
Bxf3 9.gxf3 Na5 10.Qa4+ Nc6 11.Rc1 e6 12.Bd3 Bd6 13.Bxd6 Qxd6 14.Bb5 Rc8 
15.Bxc6+ Rxc6 16.Ne2 Nd7 17.Rxc6 Qxc6 18.Qxc6 bxc6 19.Kd2 Ke7 20.Rc1 Rb8 
21.b3 Kd6 22.f4 f6 1/2-1/2

[Event "11th Asia-ch (women)"]
[Site "Beirut LIB"]
[Date "2004.12.09"]
[Round "7.2"]
[White "Tania, Sachdev"]
[Black "Shen Yang"]
[Result "0-1"]
[WhiteElo "2256"]
[BlackElo "2260"]
[EventDate "2004.12.03"]
[PlyCount "108"]

1.d4 d5 2.c4 c6 3.cxd5 cxd5 4.Nf3 Nf6 5.Nc3 Nc6 6.Bf4 a6 7.Rc1 Bf5 8.e3 e6
9.Bd3 Bxd3 10.Qxd3 Be7 11.O-O O-O 12.h3 Nd7 13.Rfd1 Rc8 14.Qe2 b5 15.Ne1 
Qa5 16.a3 Qd8 17.e4 Nb6 18.exd5 Nxd5 19.Nxd5 Qxd5 20.Be5 Rfd8 21.Qf3 f6 
22.Qxd5 Rxd5 23.Bf4 Kf7 24.Nf3 Bd8 25.Rc5 Bb6 26.Rxd5 exd5 27.Rc1 Ke6 28.
Kf1 Kd7 29.Be3 Re8 30.Rc2 g5 31.g4 h6 32.Rd2 Na5 33.Rc2 Nc4 34.Ke2 a5 35.
Kd3 a4 36.Ng1 Ba5 37.Ne2 Rb8 38.Bc1 b4 39.axb4 Rxb4 40.Ng3 Rb3+ 41.Ke2 Bc7
42.Ne4 dxe4 43.Rxc4 Bf4 44.Bxf4 gxf4 45.Rxa4 Rxb2+ 46.Kf1 f3 47.Kg1 Ke6 
48.Ra6+ Kd5 49.Rxf6 Kxd4 50.Rd6+ Ke5 51.Rxh6 Rb1+ 52.Kh2 e3 53.fxe3 f2 54.
Rh5+ Ke4 0-1

[Event "11th Asia-ch (women)"]
[Site "Beirut LIB"]
[Date "2004.12.09"]
[Round "7.3"]
[White "Vijayalakshmi, Subbaraman"]
[Black "Zhang Jilin"]
[Result "1-0"]
[WhiteElo "2411"]
[BlackElo "2287"]
[EventDate "2004.12.03"]
[PlyCount "61"]

1.d4 Nf6 2.c4 e6 3.Nc3 b6 4.e4 d6 5.Nf3 Bb7 6.Bd3 Be7 7.O-O O-O 8.Qc2 h6 
9.a3 a5 10.b3 Nfd7 11.Bb2 Na6 12.Ne2 Bf6 13.Ng3 g6 14.Bc3 e5 15.d5 c5 16.
dxc6 Bxc6 17.b4 Bb7 18.Rad1 axb4 19.axb4 Qc7 20.Qd2 Kg7 21.Ne1 Rfc8 22.Bb2
Nf8 23.f4 Ne6 24.f5 Nf4 25.fxg6 fxg6 26.Bb1 Qxc4 27.Rxf4 exf4 28.Bxf6+ 
Kxf6 29.Qxf4+ Kg7 30.Rxd6 Qf7 31.Nh5+ 1-0

[Event "11th Asia-ch (women)"]
[Site "Beirut LIB"]
[Date "2004.12.09"]
[Round "7.6"]
[White "Mouradian, Knarik"]
[Black "Navabi, Shirin"]
[Result "1/2-1/2"]
[WhiteElo "2119"]
[BlackElo "2107"]
[EventDate "2004.12.03"]
[PlyCount "82"]

1.e4 e5 2.Bc4 Nf6 3.d3 Nc6 4.c3 Bc5 5.Nf3 d6 6.O-O a6 7.Bb3 Ba7 8.Nbd2 O-O
9.h3 h6 10.Re1 Be6 11.Nf1 Re8 12.Ng3 d5 13.Qe2 Qd7 14.Be3 d4 15.Bxe6 Rxe6 
16.cxd4 Bxd4 17.Nxd4 Nxd4 18.Bxd4 Qxd4 19.Nf5 Qb6 20.Rac1 Rd8 21.Rc3 c6 
22.Rd1 Kh7 23.Rb3 Qc7 24.Qe3 c5 25.Rc3 Rc6 26.Rdc1 Rc8 27.Kh2 Nh5 28.g3 a5
29.Qf3 Nf6 30.g4 g6 31.Ne3 b6 32.h4 Kg7 33.Rg1 Qd7 34.Qg3 Qc7 35.h5 g5 36.
Nf5+ Kh7 37.Rgc1 Rd8 38.b3 Re6 39.a3 Qb8 40.f3 Rd7 41.Qf2 Qd8 1/2-1/2

[Event "11th Asia-ch (women)"]
[Site "Beirut LIB"]
[Date "2004.12.10"]
[Round "8.1"]
[White "Shen Yang"]
[Black "Vijayalakshmi, Subbaraman"]
[Result "0-1"]
[WhiteElo "2260"]
[BlackElo "2411"]
[EventDate "2004.12.03"]
[PlyCount "98"]

1.e4 e5 2.Nf3 Nc6 3.Bb5 a6 4.Ba4 Nf6 5.O-O Be7 6.Re1 b5 7.Bb3 d6 8.c3 O-O 
9.h3 Nb8 10.d4 Nbd7 11.Nbd2 Bb7 12.Bc2 Re8 13.Nf1 Bf8 14.Ng3 g6 15.b3 c6 
16.Rb1 Qc7 17.Nh2 Bg7 18.f4 b4 19.cxb4 exd4 20.Nf3 c5 21.Bb2 Re7 22.e5 
dxe5 23.bxc5 Rae8 24.b4 exf4 25.Rxe7 Rxe7 26.Nf1 Nd5 27.Bxd4 Ne3 28.Nxe3 
Bxf3 29.Nd5 Bxd1 30.Nxe7+ Kf8 31.Bxg7+ Kxg7 32.Rxd1 Nxc5 33.Nd5 Qa7 34.Kh2
Ne6 35.Rd2 Qb8 36.Kg1 Qe5 37.Kf2 Nc7 38.Bb3 Nxd5 39.Rxd5 Qe3+ 40.Kf1 f3 
41.gxf3 Qxf3+ 42.Ke1 Qxh3 43.Kd2 h5 44.Kc2 h4 45.a4 Qg2+ 46.Kc3 h3 47.Rd1 
Qf3+ 48.Kc2 Qe2+ 49.Kc1 Qg4 0-1

[Event "11th Asia-ch (women)"]
[Site "Beirut LIB"]
[Date "2004.12.10"]
[Round "8.2"]
[White "Wang Yu"]
[Black "Karavade, Eesha"]
[Result "1-0"]
[WhiteElo "2392"]
[BlackElo "2307"]
[EventDate "2004.12.03"]
[PlyCount "51"]

1.e4 c5 2.Nf3 d6 3.d4 cxd4 4.Nxd4 Nf6 5.f3 a6 6.c4 e6 7.Nc3 Be7 8.Be2 O-O 
9.O-O b6 10.Be3 Bb7 11.Qd2 Nbd7 12.Rac1 Rc8 13.Rfd1 Qc7 14.b3 Qb8 15.Kh1 
Bd8 16.Bg1 Bc7 17.Qe1 Kh8 18.Bd3 Qa8 19.Bb1 Ne5 20.Be3 Rg8 21.Qf2 Qb8 22.
Nde2 Bc6 23.Bg5 Ned7 24.Qh4 Ba8 25.e5 dxe5 26.Rxd7 1-0

[Event "11th Asia-ch (women)"]
[Site "Beirut LIB"]
[Date "2004.12.10"]
[Round "8.4"]
[White "Tania, Sachdev"]
[Black "Gu Xiaobing"]
[Result "1-0"]
[WhiteElo "2256"]
[BlackElo "2336"]
[EventDate "2004.12.03"]
[PlyCount "37"]

1.d4 d5 2.c4 e6 3.Nc3 Nf6 4.cxd5 exd5 5.Bg5 Nbd7 6.Nf3 Bb4 7.Qc2 h6 8.Bh4 
c5 9.dxc5 g5 10.Bg3 Ne4 11.Nd2 Nxd2 12.Qxd2 Nxc5 13.Qd4 Bxc3+ 14.bxc3 O-O 
15.Qxc5 Bf5 16.e3 d4 17.Qxd4 Qa5 18.Be2 Rad8 19.Qb4 1-0

[Event "11th Asia-ch (women)"]
[Site "Beirut LIB"]
[Date "2004.12.10"]
[Round "8.8"]
[White "Navabi, Shirin"]
[Black "Malikgulieva, Aykamar"]
[Result "0-1"]
[WhiteElo "2107"]
[BlackElo "2119"]
[EventDate "2004.12.03"]
[PlyCount "74"]

1.c4 e5 2.Nc3 Nc6 3.g3 f5 4.d3 Nf6 5.Bg2 Be7 6.e3 O-O 7.Nge2 d6 8.Rb1 a5 
9.a3 Qe8 10.b4 axb4 11.axb4 Kh8 12.Qc2 d5 13.c5 Be6 14.f4 e4 15.dxe4 dxe4 
16.b5 Na5 17.Na4 Bc4 18.Rb4 Bd3 19.Qd1 Bxb5 20.Nd4 Bd7 21.Nc3 Bxc5 22.Rb1 
b6 23.Ncb5 Nd5 24.Bd2 c6 25.Nc3 Bxd4 26.Nxd5 cxd5 27.exd4 Nc4 28.Bb4 Rg8 
29.Bf1 Ra2 30.Qb3 Ra8 31.Bxc4 dxc4 32.Qxc4 Bb5 33.Qd5 Bd3 34.Rc1 Qh5 35.
Kf2 Rgd8 36.Qe6 Qe2+ 37.Kg1 e3 0-1

[Event "11th Asia-ch (women)"]
[Site "Beirut LIB"]
[Date "2004.12.10"]
[Round "8.9"]
[White "Ovezova, Maisa"]
[Black "Pourkashiyan, Atousa"]
[Result "1/2-1/2"]
[WhiteElo "2170"]
[BlackElo "2217"]
[EventDate "2004.12.03"]
[PlyCount "138"]

1.d4 d5 2.e3 Nf6 3.Bd3 e6 4.Nd2 c5 5.c3 Nc6 6.f4 Qc7 7.Ngf3 cxd4 8.cxd4 
Be7 9.a3 a6 10.O-O b5 11.Ne5 Bb7 12.Qf3 Rc8 13.Qg3 g6 14.Qh3 Na5 15.Rb1 
Nc4 16.Ndf3 Ne4 17.Qh6 Bf8 18.Qh3 Be7 19.Ra1 Bf6 20.Ng4 Bg7 21.Nge5 Qe7 
22.a4 f6 23.Nxc4 dxc4 24.Bc2 b4 25.Nd2 Nd6 26.Re1 O-O 27.e4 a5 28.Nf3 Rcd8
29.e5 Nf5 30.exf6 Bxf6 31.Bxf5 gxf5 32.Ng5 Bxg5 33.fxg5 Rxd4 34.Qh6 Rg4 
35.Rxe6 Rxg2+ 36.Kf1 Qd7 37.Rd6 Qe7 38.Re6 Qd7 39.Rd6 Qe7 40.Re6 Qg7 41.
Qxg7+ Kxg7 42.Re7+ Kg6 43.Rxb7 Rxh2 44.Kg1 Rc2 45.Rb6+ Kh5 46.Rh6+ Kg4 47.
Rxh7 f4 48.g6 Rd8 49.Bxf4 Kxf4 50.g7 Rg8 51.Kh1 Kf5 52.Rg1 Kf6 53.Rh6+ Kf7
54.Rc6 Rxb2 55.Rxc4 Rb3 56.Rc7+ Ke6 57.Rg6+ Kf5 58.Ra6 Rg3 59.Rxa5+ Ke4 
60.Raa7 b3 61.Rab7 b2 62.Rxb2 R3xg7 63.Rxg7 Rxg7 64.a5 Ra7 65.Rb5 Kd4 66.
Kg2 Kc4 67.Rg5 Kb4 68.Kf3 Rxa5 69.Rxa5 Kxa5 1/2-1/2

[Event "11th Asia-ch (women)"]
[Site "Beirut LIB"]
[Date "2004.12.11"]
[Round "9.1"]
[White "Vijayalakshmi, Subbaraman"]
[Black "Wang Yu"]
[Result "1/2-1/2"]
[WhiteElo "2411"]
[BlackElo "2392"]
[EventDate "2004.12.03"]
[PlyCount "90"]

1.d4 d5 2.c4 c6 3.Nc3 Nf6 4.e3 a6 5.Nf3 b5 6.b3 Bf5 7.Be2 e6 8.O-O Bd6 9.
Ne5 O-O 10.Bb2 Ne4 11.Nxe4 dxe4 12.f3 Nd7 13.f4 Nxe5 14.dxe5 Bc5 15.Bd4 
Ba3 16.Qe1 h6 17.g4 Bh7 18.Rd1 Qe7 19.f5 exf5 20.gxf5 Qg5+ 21.Qg3 Rfd8 22.
Bg4 h5 23.Be2 Qxg3+ 24.hxg3 c5 25.Bc3 Rxd1 26.Bxd1 Bc1 27.Bc2 Bxe3+ 28.Kg2
Bd4 29.Bxd4 cxd4 30.Bxe4 Re8 31.e6 fxe6 32.Bc6 Rf8 33.cxb5 axb5 34.fxe6 
Rxf1 35.Kxf1 Bd3+ 36.Kf2 Kf8 37.a4 bxa4 38.bxa4 Ke7 39.Bd7 g5 40.Bc8 Kd8 
41.Bb7 Bc4 42.a5 Bxe6 43.a6 Kc7 44.Bf3 Kb6 45.Bxh5 Kxa6 1/2-1/2

[Event "11th Asia-ch (women)"]
[Site "Beirut LIB"]
[Date "2004.12.11"]
[Round "9.2"]
[White "Zigangirova, Sofya"]
[Black "Shen Yang"]
[Result "1-0"]
[WhiteElo "2330"]
[BlackElo "2260"]
[EventDate "2004.12.03"]
[PlyCount "129"]

1.e4 e5 2.Nf3 Nc6 3.Bb5 a6 4.Ba4 Nf6 5.O-O b5 6.Bb3 Be7 7.Re1 d6 8.c3 O-O 
9.h3 Na5 10.Bc2 c5 11.d4 Qc7 12.Nbd2 cxd4 13.cxd4 Bb7 14.d5 Rac8 15.Bd3 
Nd7 16.Nf1 f5 17.exf5 Bxd5 18.Nd4 Nc5 19.Ne6 Bxe6 20.fxe6 Nxd3 21.Qxd3 Qc4
22.Qa3 Nc6 23.Ne3 Qxe6 24.Qxa6 Bh4 25.Rf1 Nd4 26.Bd2 Rf3 27.Ng4 h5 28.Nh2 
Ne2+ 29.Kh1 Rxf2 30.Rxf2 Bxf2 31.Nf1 Rb8 32.a4 Qd5 33.axb5 Rxb5 34.Qc8+ 
Kh7 35.Qf5+ Kg8 36.Qxf2 Nd4 37.Ne3 Qe4 38.Rf1 Qg6 39.Bc3 Kh7 40.Nc4 Rc5 
41.Ne3 Rb5 42.Bxd4 exd4 43.Nd1 Qd3 44.Qf3 Qc2 45.Rf2 Qg6 46.Rd2 Rb4 47.Qd3
Qxd3 48.Rxd3 Kg6 49.Kg1 Kf5 50.Kf2 Ke4 51.Rg3 g5 52.Ke2 Kf5 53.Ra3 d5 54.
Ra8 Rb3 55.Re8 Kf4 56.Rf8+ Ke5 57.Rf3 Rb4 58.Kd2 Rb6 59.g4 hxg4 60.hxg4 
Rh6 61.Rf5+ Kd6 62.Rxg5 Rh2+ 63.Kd3 Rh1 64.Nf2 Rh2 65.Rf5 1-0

[Event "11th Asia-ch (women)"]
[Site "Beirut LIB"]
[Date "2004.12.11"]
[Round "9.4"]
[White "Malikgulieva, Aykamar"]
[Black "Ju Wenjun"]
[Result "0-1"]
[WhiteElo "2119"]
[BlackElo "2300"]
[EventDate "2004.12.03"]
[PlyCount "78"]

1.d4 Nf6 2.c4 g6 3.Nc3 Bg7 4.e4 d6 5.Nge2 O-O 6.Ng3 c5 7.d5 e6 8.Be2 exd5 
9.cxd5 Na6 10.h4 h5 11.Bg5 Re8 12.O-O Qb6 13.Qd2 Nh7 14.Be3 Bf6 15.Bg5 Bg7
16.Rab1 Nxg5 17.hxg5 h4 18.Nh1 Qd8 19.Bd3 Nb4 20.Be2 a5 21.a3 Bd7 22.Qf4 
Nc2 23.Qxh4 Nd4 24.Bd3 b5 25.Rbe1 c4 26.Bb1 b4 27.axb4 axb4 28.Nd1 Nb3 29.
Re2 c3 30.Bd3 Nc1 31.Re3 Nxd3 32.Rxd3 c2 33.Ne3 Bb5 34.Rb3 Bxf1 35.Nxc2 
Qc7 36.Ne3 Ra1 37.Nxf1 Rxf1+ 38.Kh2 Qc1 39.Ng3 Rxf2 0-1

[Event "11th Asia-ch (women)"]
[Site "Beirut LIB"]
[Date "2004.12.11"]
[Round "9.6"]
[White "Karavade, Eesha"]
[Black "Mouradian, Knarik"]
[Result "1-0"]
[WhiteElo "2307"]
[BlackElo "2119"]
[EventDate "2004.12.03"]
[PlyCount "87"]

1.Nf3 g6 2.g3 Bg7 3.d4 Nf6 4.Bg2 d6 5.O-O O-O 6.c4 Nc6 7.Nc3 Bg4 8.d5 Na5 
9.Nd2 c5 10.Qc2 a6 11.b3 Rb8 12.h3 Bd7 13.Bb2 b5 14.Rae1 e5 15.e4 Nh5 16.
cxb5 axb5 17.Ne2 Qc8 18.Kh2 c4 19.b4 Nb7 20.f4 Ra8 21.a3 f6 22.Nf3 Bh6 23.
Bc1 Nd8 24.Rf2 Nf7 25.Ref1 exf4 26.gxf4 Re8 27.Nfd4 Ng7 28.Ng3 f5 29.Bb2 
fxe4 30.Nxe4 Nh5 31.f5 g5 32.Bf3 Rxe4 33.Qxe4 Nf4 34.Nc6 Bxc6 35.dxc6 d5 
36.Qd4 Qxc6 37.Rg1 Qd6 38.Rg3 Rd8 39.h4 Nd3 40.hxg5 Nxg5 41.Bxd5+ Kf8 42.
Re2 Qxd5 43.Qh8+ Qg8 44.Qf6+ 1-0

[Event "11th Asia-ch (women)"]
[Site "Beirut LIB"]
[Date "2004.12.11"]
[Round "9.9"]
[White "Navabi, Shirin"]
[Black "Ovezova, Maisa"]
[Result "1-0"]
[WhiteElo "2107"]
[BlackElo "2170"]
[EventDate "2004.12.03"]
[PlyCount "121"]

1.Nf3 Nc6 2.c4 d5 3.cxd5 Qxd5 4.Nc3 Qa5 5.d4 Bg4 6.e3 e6 7.Bb5 a6 8.Bxc6+ 
bxc6 9.Qa4 Qxa4 10.Nxa4 Bxf3 11.gxf3 Nf6 12.Bd2 Nd5 13.Rc1 Kd7 14.Ke2 Bb4 
15.Bxb4 Nxb4 16.Rc4 Rhb8 17.a3 Nd5 18.Rhc1 Ne7 19.R1c2 Kd8 20.Nc5 Rb6 21.
Nd3 Ke8 22.Ne5 f6 23.Nxc6 Nxc6 24.Rxc6 Rxc6 25.Rxc6 Kd7 26.Rc5 Kd6 27.b4 
c6 28.Ra5 Kc7 29.Kd3 Kb6 30.Kc4 g5 31.e4 Rg8 32.h3 Rg6 33.d5 exd5+ 34.exd5
cxd5+ 35.Rxd5 Rh6 36.Rd6+ Kb7 37.Kc5 Rh5 38.Rd7+ Kc8 39.Kc6 Rh6 40.Rd6 
Rxh3 41.Rxf6 Kd8 42.Kb6 Ke7 43.Rc6 Rxf3 44.a4 h5 45.Kxa6 Rxf2 46.b5 h4 47.
b6 h3 48.b7 Rb2 49.Rb6 Rxb6+ 50.Kxb6 h2 51.b8=Q h1=Q 52.Qe5+ Kd7 53.Qg7+ 
Kd6 54.Qf6+ Kd7 55.Qf5+ Kd6 56.Qc5+ Kd7 57.a5 Qa8 58.Qc7+ Ke6 59.a6 Qf8 
60.Qc6+ Ke5 61.a7 1-0